| 000 | 00533nam a22001697a 4500 | ||
|---|---|---|---|
| 005 | 20260428093441.0 | ||
| 008 | 260428b |||||||| |||| 00| 0 eng d | ||
| 020 | _a978-81-203-4901-8 | ||
| 050 | _aQC 760 .P73 2014 | ||
| 100 | _aPRAMANIK, ASHUTOSH. | ||
| 245 | _aELECTROMAGNETISM :VOLIME 2: APPLICATIONS, MAGNETIC DIFFUSION AND ELECTROMAGNETIC WAVES. | ||
| 260 |
_aDELHI, _bPHI LEARNING PRIVATE LIMITED, _c2014. |
||
| 300 | _aXXXIII, 549 P. ILL | ||
| 500 | _aINCLUDES INDEX, | ||
| 650 | _aELECTROMAGNETISM. | ||
| 942 |
_2lcc _cBK |
||
| 999 |
_c217054 _d217054 |
||